Great white bard: (Record no. 1465463)

MARC details
000 -LEADER
fixed length control field 00867 a2200277 4500
005 - DATE AND TIME OF LATEST TRANSACTION
control field 20251211164030.0
008 - FIXED-LENGTH DATA ELEMENTS--GENERAL INFORMATION
fixed length control field 251211b |||||||| |||| 00| 0 eng d
020 ## - INTERNATIONAL STANDARD BOOK NUMBER
International Standard Book Number 978-0-86154-534-6
037 ## - SOURCE OF ACQUISITION
Terms of availability TB
040 ## - CATALOGING SOURCE
Original cataloging agency CRL
Transcribing agency CRL
041 ## - LANGUAGE CODE
Source of code eng
Language code of text/sound track or separate title eng
084 ## - COLON CLASSIFICATION NUMBER
Classification number O111,2J64:g(Y592) R3
Assigning agency CRL
100 ## - MAIN ENTRY--PERSONAL NAME
Personal name Farah Karim Cooper
9 (RLIN) 852065
245 ## - TITLE STATEMENT
Title Great white bard:
Remainder of title Shakespeare , race and the future
260 ## - PUBLICATION, DISTRIBUTION, ETC.
Name of publisher, distributor, etc. One world book
Date of publication, distribution, etc. 2023
Place of publication, distribution, etc. Britain
300 ## - PHYSICAL DESCRIPTION
Extent 328p.
365 ## - TRADE PRICE
Price amount 22.00
Currency code UKP
650 ## - SUBJECT ADDED ENTRY--TOPICAL TERM
Source of heading or term English literature
650 ## - SUBJECT ADDED ENTRY--TOPICAL TERM
Source of heading or term English Drama
650 ## - SUBJECT ADDED ENTRY--TOPICAL TERM
Source of heading or term William Shakespear
650 ## - SUBJECT ADDED ENTRY--TOPICAL TERM
Source of heading or term Sociology
650 ## - SUBJECT ADDED ENTRY--TOPICAL TERM
Source of heading or term Caste
700 ## - ADDED ENTRY--PERSONAL NAME
Personal name Farah Karim Cooper
Relator term Author
9 (RLIN) 856156
942 ## - ADDED ENTRY ELEMENTS (KOHA)
Koha item type Textbook
Source of classification or shelving scheme Colon Classification (CC)
Suppress in OPAC No
Classification part O111,2J64:g(Y592) R3
Holdings
Withdrawn status Lost status Source of classification or shelving scheme Damaged status Not for loan Home library Current library Date acquired Source of acquisition Cost, normal purchase price Inventory number Total Checkouts Full call number Barcode Date last seen Cost, replacement price Price effective from Koha item type
    Colon Classification (CC)     Central Library Central Library 2025-12-11 37 International Book Distributors 2081.38 122236 &2025-11-28   O111,2J64:g(Y592) R3 CL1924701 2025-12-03 2601.72 2025-12-03 Textbook
Copyright @ Delhi University Library System